000 00639nam a22002057a 4500
003 0
005 20251117121309.0
008 251117b xxu||||| |||| 00| 0 eng d
020 _a0-75286-584-6
050 _aPS 3553
_b.C66 2006
100 _aConnelly, Michael,
_eauthor.
245 _aEcho Park /
_cMichael Connelly.
260 _aLondon :
_bThe Orion Publishing Group Ltd,
_c2006.
300 _a405 pages ;
_c24 cm.
650 _aDetective and mystery stories.
650 _aPolice
_zCalifornia
_zLos Angeles
_xFiction.
650 _aMissing persons
_xInvestigation
_vFiction.
650 _aSerial murderers
_xFiction.
942 _2lcc
_cBK
999 _c368665
_d368665